Tribhuvan University Central Library

वित्तिय संस्था र बजार / (Record no. 118995)

MARC details
000 -LEADER
fixed length control field 01233nam a22002657a 4500
008 - FIXED-LENGTH DATA ELEMENTS--GENERAL INFORMATION
fixed length control field 250102b |||||||| |||| 00| 0 eng d
020 ## - INTERNATIONAL STANDARD BOOK NUMBER
International Standard Book Number 9789937302265
082 ## - DEWEY DECIMAL CLASSIFICATION NUMBER
Edition number 23rd
Classification number N332.1/Vi869
241 ## - ROMANIZED TITLE (BK AM CF MP MU VM)
Romanized title Vitiya sastha ra bazar.
245 ## - TITLE STATEMENT
Title वित्तिय संस्था र बजार /
Statement of responsibility, etc. राधेश्याम प्रधान...[र अरुहरु].
260 ## - PUBLICATION, DISTRIBUTION, ETC.
Place of publication, distribution, etc. काठमाडाैं:
Name of publisher, distributor, etc. बुद्ध एकेडेमिक पब्लिसर्स एन्ड डिस्ट्रिब्युटर्स,
Date of publication, distribution, etc. २०७०वि.
300 ## - PHYSICAL DESCRIPTION
Extent 258p.
650 ## - SUBJECT ADDED ENTRY--TOPICAL TERM
Topical term or geographic name entry element वित्तिय संस्था
650 ## - SUBJECT ADDED ENTRY--TOPICAL TERM
Topical term or geographic name entry element बैंकिङ
650 ## - SUBJECT ADDED ENTRY--TOPICAL TERM
Topical term or geographic name entry element मुद्रा
700 ## - ADDED ENTRY--PERSONAL NAME
Personal name प्रधान, राधेश्याम
700 ## - ADDED ENTRY--PERSONAL NAME
Personal name शर्मा, दिल्लीराज
700 ## - ADDED ENTRY--PERSONAL NAME
Personal name क्षेत्री, गुणराज
700 ## - ADDED ENTRY--PERSONAL NAME
Personal name अधिकारी, खगेन्द्र
700 ## - ADDED ENTRY--PERSONAL NAME
Personal name शर्मा, रेशमराज
700 ## - ADDED ENTRY--PERSONAL NAME
Personal name लम्साल, राजेन्द्र
700 ## - ADDED ENTRY--PERSONAL NAME
Personal name गुरुङ, विनाेद
700 ## - ADDED ENTRY--PERSONAL NAME
Personal name कटुवाल, बद्री बहादुर
942 ## - ADDED ENTRY ELEMENTS (KOHA)
Source of classification or shelving scheme Dewey Decimal Classification
Koha item type ISBN
Holdings
Withdrawn status Lost status Source of classification or shelving scheme Damaged status Not for loan Home library Current library Date acquired Total Checkouts Full call number Barcode Date last seen Price effective from Koha item type
    Dewey Decimal Classification     Tribhuvan University Central Library Tribhuvan University Central Library 01/02/2025   N332.1/Vi869 IS17876 01/02/2025 01/02/2025 ISBN